Deutsches Wörterbuch : Mit einem "Lexikon der deutschen Sprachlehre /

Salvato in:
Dettagli Bibliografici
Autore principale: Wahrig, Gerhard (Autore)
Natura: Libro
Lingua:tedesco
Pubblicazione: München : Bertelsmann Lexikon Verlag, 1991
Soggetti:
Tags: Aggiungi Tag
Nessun Tag, puoi essere il primo ad aggiungerne!!

MARC

LEADER 00000nam a22000003a 4500
001 stu41564
005 20150617225722.9
008 931230s1991----gw------------------ger-d
020 |a 3-570-03648-0 
040 |a STU  |b slo 
041 0 |a ger 
044 |a gw 
080 |a 801.32=30  |7 stu_us_auth*stu12050 
100 1 |a Wahrig, Gerhard  |4 aut 
245 1 |a Deutsches Wörterbuch :  |b Mit einem "Lexikon der deutschen Sprachlehre /  |c [aut.]Gerhard Wahrig 
260 |a München :  |b Bertelsmann Lexikon Verlag,  |c 1991 
300 |a 1493 s 
650 7 |a slovníky nemecké  |2 stusub 
650 7 |a nemčina  |2 stusub 
650 7 |a slovníky  |2 stusub 
996 |b 284M015523  |c M*8401-1  |l MMKN  |s A  |a 24  |w stu41564_0001